Регионална библиотека "Любен Каравелов" - Русе

Защитени територии във Великотърновска област - резерват "Бяла крава" и поддържани резервати "Хайдушки чукар" и "Савчов чаир" (Запис номер 170955)

MARC детайли
000 -Лидер
Контролно поле с фиксирана дължина 02053nam a2200373 c 4500
003 - Код на организацията, давaща контролен номер
Контролно поле BLK
005 - Дата и час на последна редакция
Контролно поле 20180422114425.0
008 - Елементи от данни с фиксирана дължина
fixed length control field 180411b bul|||||r ||||||| ||bul||
010 ## - Наследен системен номер
LC control number KNG00179187000
020 ## - Международен стандартен номер на книга ISBN
Международен стандартен номер на книга ISBN 978-619-00-0218-5
-- издат.: Фабер
040 ## - Източник на каталожния запис
Идентификатор на билиотеката - собственик на записа BLK
041 ## - Код за език
Код за езика на текст/звукозапис или на отделно заглавие Български
Код за езика КДБФ Български
072 #7 - Код за тематичната категория
Код организация bullib
Код за тематична категория Н50
Текст Естествени науки. Математика и др. Н
080 ## - УДК
Текстов определител УДК Опазване на растенията и на животните - Резервати за растения и животни, опазване отделните видове се изразява с отношение към съответните индекси
УДК код - определител по УДК 502.7
УДК определител (497.216-32)
УДК - код + определител 502.7(497.216-32)
100 1# - Редна дума - Автор
Автор Джанабетска, Камелия Георгиева
Авторска отговорност първи автор
R(LIN) 375496
139 ## - Редно поле
Редна дума Джанабетска, Камелия Георгиева и др.
Авторски знак Дж - Д 49
245 10 - Сведения за заглавието
Заглавие Защитени територии във Великотърновска област - резерват "Бяла крава" и поддържани резервати "Хайдушки чукар" и "Савчов чаир"
Редно поле (дума) Камелия Георгиева Джанабетска; съавт. Светослав Николаев Станчев.
257 ## - Страна на издаване
Страна на създаване/издаване България
260 ## - Област на издателските данни
-- В. Търново
Име на издателя, разпространителя и проч. Фабер
Година на издаване 2014
300 ## - Физическа характеристика
Страници 100 с.
Илюстрации и др. с ил.
Размери/Мащаб 24 см
380 ## - Жанр
Жанр Естествени науки. Математика
500 ## - Общи забележки
Забележка Изд. на Регион. инспекция по околната среда и водите - В. Търново. - Библиогр.: с. 67-69
650 #4 - Допълнително описание по предмет – тема
Основно описание – тема или топоним Резервати - България
9 (RLIN) 246293
651 #4 - Допълнително описание по предмет - топоним
Географско понятие Великотърновско
9 (RLIN) 178699
653 ## - Ключова дума – ненормативна
Ключова дума резервати
653 ## - Ключова дума – ненормативна
Ключова дума защитени местности
659 ## - Тематичен бюлетин
Тематичен бюлетин Н
700 1# - Други автори (авторска отговорност)
Лично име Станчев, Светослав Николаев
Автороска отговорност (Описва отношението между автора и произведението) съавт.
9 (RLIN) 338734
852 ## - Местоположение
Форматна сигнатура Цб 278327
856 4# - Електронен адрес и достъп
Електронен формат pdf - файл
Път до файла /url/
856 4# - Електронен адрес и достъп
Електронен формат pdf - файл
Път до файла /url/
942 ## - АРТИКУЛИ
Вид на библиотечния материал Книги
Скрит в OPAC Не
944 ## - СЪЗДАВАНЕ И РЕДАКЦИЯ на ЗАПИСА
Създаване/Редакция Създаване
Дата на регистрацията/редакция 02.12.2015
Служител, извършил регистрацията/редакцията Виолета_Тройчева
944 ## - СЪЗДАВАНЕ И РЕДАКЦИЯ на ЗАПИСА
Създаване/Редакция Редакция
Дата на регистрацията/редакция 02.08.2016
Служител, извършил регистрацията/редакцията Геновева_Генчева
999 ## - СИСТЕМНИ КОНТРОЛНИ НОМЕРА
Koha biblionumber 170955
Koha biblioitemnumber 170955
Наличности
Код за отписване Код за изгубен артикул Код за повреда Коз за рестрикции Код за отдаване Артикулен № Име на библиотеката - собственик Име на библиотеката, в която се намира в момента Статус (Текущо местоположение) Дата на вписване в системата Местоположение - отдел Цена в лева Инвентарен номер Систематично азбучна сигнатура Баркод Номер на екземпляра Цена в евро Служебна бележка Служебен тип на артикула
  Не е изгубен Не е повреден без рестрикции ползва се в читалня 290218 Регионална библиотека "Любен Каравелов" Русе Регионална библиотека "Любен Каравелов" Русе Хранилище 2015-12-04 Хранилище 9.00 120000795210 Цб 278327 120000795210 1 4.60 Дост: Dp Вид: Д N: 44 Дата: 12.10.2015 Книги
Vip Innovations Ltd, Rousse, Bulgaria 2025